000 00468nam a2200157Ia 4500
008 160316s2011 xxu||||| |||| 00| 0 eng d
082 _a343.052000
_b`MAN
100 _aManoharan T N
245 _aHandbook on income tax, VAT and service tax
250 _a7th
260 _aMumbai
_bSnow White Publishers
_c2011
300 _a836p
_b
_clxxx
365 _b Rs. 525
650 _a1. Income Tax Act - Commentary 2. Service Tax - VAT - Commentrary
700 _aHari G R
_a
999 _c28009
_d28009